Normal view
MARC view
- CAPT COL SHER KHAN.HAV LALAK JAN.MAJ ABDUL WAHAB.KARGIL CONFLICT
Entry Topical Term
001 - CONTROL NUMBER
- control field: 64632
003 - CONTROL NUMBER IDENTIFIER
- control field: NUST
005 - DATE AND TIME OF LATEST TRANSACTION
- control field: 20210628203317.0
008 - FIXED-LENGTH DATA ELEMENTS
- fixed length control field: 210628|| aca||aabn | a|a d
040 ## - CATALOGING SOURCE
- Original cataloging agency: NUST
- Transcribing agency: NUST
150 ## - HEADING--TOPICAL TERM
- Topical term or geographic name entry element: CAPT COL SHER KHAN.HAV LALAK JAN.MAJ ABDUL WAHAB.KARGIL CONFLICT
670 ## - SOURCE DATA FOUND
- Source citation: Work cat.: (NUST): Syed Alam 64631, Markey kargil;19948-99, 2001
